Statistics for Founding members of the Spanish League

Click here to take the quiz!

General Stats

  • This quiz has been taken 16 times
  • The average score is 5 of 10

Answer Stats

Answer% Correct
Barcelona
100%
Real Madrid
100%
Athletic Bilbao
93%
Real Sociedad
86%
Racing Santander
36%
Real Union
29%
Arenas
21%
Europa
21%
Espanol
14%
Athletic Madrid
7%

Score Distribution

Percentile by Number Answered

Percent of People with Each Score

Your Score History

You have not taken this quiz